Acteurs et actrices des années 2000 par images #3 - Statistiques

Statistiques générales
  • Ce quiz a été pris 260 fois
  • Le résultat moyen est 11 sur 20
Statistiques - réponses
Par images Réponse % Correct
Robert Pattinson
89%
Marion Cotillard
86%
Robert Downey Jr.
85%
Pénélope Cruz
78%
Joaquin Phoenix
66%
Kristen Stewart
66%
Benoît Poelvoorde
63%
Eva Green
63%
Sean Penn
59%
Keira Knightley
56%
Ben Stiller
55%
Salma Hayek
51%
Russell Crowe
44%
Javier Bardem
43%
Emily Blunt
37%
Catherine Zeta-Jones
36%
Forest Whitaker
28%
Mathieu Amalric
23%
Hilary Swank
22%
Helen Mirren
17%
Aucun quiz correspondant
Distribution des résultats
% des personnes avec chaque résultat
Percentile par nombre de réponses
Votre historique - résultats
Vous n’avez pas pris ce quiz